| 000 | 00644nam a2200205 a 4500 | ||
|---|---|---|---|
| 001 | 000036432 | ||
| 005 | 20200930075728.0 | ||
| 008 | 120117s1999 sp 000 0 spa d | ||
| 020 | _a8441405328 | ||
| 040 |
_aDO-SdBNP _bspa _cBNPHU |
||
| 082 |
_axxxx _bA634 |
||
| 245 | 0 | 0 |
_aAntología poética de la dinastía Tang : _bprimer período de oro / _cAlfredo Gómez Gil, Chen Guang Fu,. |
| 260 |
_aMadrid : _bEdaf, _c1999. |
||
| 300 |
_a197 p. ; _c19 cm. |
||
| 490 | 1 | _aArca de sabiduría | |
| 504 | _aBibliografía : p.195-197 | ||
| 700 | 1 |
_aGómez Gil, Alfredo _962646 |
|
| 700 | 1 |
_aChen, Guang Fu _962647 |
|
| 830 | 0 |
_aArca de sabiduría _962648 |
|
| 999 |
_c35923 _d35923 |
||